| 000 | 00697nam a22001937a 4500 | ||
|---|---|---|---|
| 005 | 20100331121713.0 | ||
| 008 | 100331t xxu||||| |||| 00| 0 eng d | ||
| 020 |
_a9788190883153 _c945.00 |
||
| 037 | _bRVS Books | ||
| 040 |
_adpl _bEnglish |
||
| 100 | _aShahzad A. Khan | ||
| 245 |
_aGlobal warming and climate change / _cby Shahzad A. Khan |
||
| 260 |
_aNew Delhi _bRVS Books _c2010 |
||
| 270 |
_aRVS House, Ground Floor, 2/40, Ansari Road, Daryaganj _bNew Delhi _e110002 |
||
| 300 |
_avi, 428p. _c24cm(Hb) |
||
| 500 | _aIncludes bibliographical references and index | ||
| 942 |
_2ddc _cEN _mSHA |
||
| 999 |
_c34943 _d34943 |
||